MARC details
| 000 -LEADER |
| fixed length control field |
02346cam a2200469 i 4500 |
| 001 - CONTROL NUMBER |
| control field |
20000034 |
| 003 - CONTROL NUMBER IDENTIFIER |
| control field |
LDD |
| 005 - DATE AND TIME OF LATEST TRANSACTION |
| control field |
20190624160242.0 |
| 008 - FIXED-LENGTH DATA ELEMENTS--GENERAL INFORMATION |
| fixed length control field |
170914s2018 enk b 001 0 eng c |
| 010 ## - LIBRARY OF CONGRESS CONTROL NUMBER |
| LC control number |
2017955170 |
| 020 ## - INTERNATIONAL STANDARD BOOK NUMBER |
| International Standard Book Number |
9781786438201 (hbk.) |
| 020 ## - INTERNATIONAL STANDARD BOOK NUMBER |
| International Standard Book Number |
1786438208 (hbk.) |
| 035 ## - SYSTEM CONTROL NUMBER |
| System control number |
(OCoLC)on1005122684 |
| 040 ## - CATALOGING SOURCE |
| Original cataloging agency |
YDX |
| Language of cataloging |
eng |
| Transcribing agency |
L&DD |
| Description conventions |
rda |
| Modifying agency |
BDX |
| -- |
GRU |
| -- |
EZ9 |
| -- |
OCLCO |
| -- |
CHVBK |
| -- |
OCLCO |
| -- |
OCLCF |
| -- |
NDL |
| -- |
DLC |
| 042 ## - AUTHENTICATION CODE |
| Authentication code |
pcc |
| 050 00 - LIBRARY OF CONGRESS CALL NUMBER |
| Classification number |
QC903 |
| Item number |
.K455 2018 |
| 082 ## - DEWEY DECIMAL CLASSIFICATION NUMBER |
| Edition number |
23 |
| Classification number |
363.70526 K294N |
| 100 1# - MAIN ENTRY--PERSONAL NAME |
| Personal name |
Kellow, Aynsley J. |
| Fuller form of name |
(Aynsley John), |
| Dates associated with a name |
1951- |
| Relator term |
author. |
| 9 (RLIN) |
374 |
| 245 10 - TITLE STATEMENT |
| Title |
Negotiating climate change : |
| Remainder of title |
a forensic analysis / |
| Statement of responsibility, etc. |
Aynsley Kellow (Professor Emeritus of Government, University of Tasmania, Australia). |
| 264 #1 - PRODUCTION, PUBLICATION, DISTRIBUTION, MANUFACTURE, AND COPYRIGHT NOTICE |
| Place of production, publication, distribution, manufacture |
Cheltenham, UK ; |
| -- |
Northampton, MA : |
| Name of producer, publisher, distributor, manufacturer |
Edward Elgar Publishing, |
| Date of production, publication, distribution, manufacture, or copyright notice |
[2018] |
| 264 #4 - PRODUCTION, PUBLICATION, DISTRIBUTION, MANUFACTURE, AND COPYRIGHT NOTICE |
| Date of production, publication, distribution, manufacture, or copyright notice |
©2018 |
| 300 ## - PHYSICAL DESCRIPTION |
| Extent |
vii, 173 pages ; |
| Dimensions |
24 cm |
| 336 ## - CONTENT TYPE |
| Content type term |
text |
| Content type code |
txt |
| Source |
rdacontent |
| 337 ## - MEDIA TYPE |
| Media type term |
unmediated |
| Media type code |
n |
| Source |
rdamedia |
| 338 ## - CARRIER TYPE |
| Carrier type term |
volume |
| Carrier type code |
nc |
| Source |
rdacarrier |
| 504 ## - BIBLIOGRAPHY, ETC. NOTE |
| Bibliography, etc. note |
Includes bibliographical references (pages 140-161) and index. |
| 630 00 - SUBJECT ADDED ENTRY--UNIFORM TITLE |
| Uniform title |
Vienna Convention for the Protection of the Ozone Layer |
| Date of treaty signing |
(1985 March 22). |
| Form subheading |
Protocols, etc. |
| Date of treaty signing |
(1987 September 15) |
| 9 (RLIN) |
6769 |
| 630 00 - SUBJECT ADDED ENTRY--UNIFORM TITLE |
| Uniform title |
United Nations Framework Convention on Climate Change |
| Date of treaty signing |
(1992 May 9). |
| Form subheading |
Protocols, etc. |
| Date of treaty signing |
(1997 December 11) |
| 9 (RLIN) |
6770 |
| 630 00 - SUBJECT ADDED ENTRY--UNIFORM TITLE |
| Uniform title |
United Nations Framework Convention on Climate Change |
| Date of treaty signing |
(1992 May 9). |
| Form subheading |
Protocols, etc. |
| Date of treaty signing |
(2015 December 12) |
| 9 (RLIN) |
6771 |
| 630 07 - SUBJECT ADDED ENTRY--UNIFORM TITLE |
| Uniform title |
United Nations Framework Convention on Climate Change (1992 May 9) |
| Source of heading or term |
fast |
| Authority record control number or standard number |
(OCoLC)fst01380684 |
| 9 (RLIN) |
6772 |
| 630 07 - SUBJECT ADDED ENTRY--UNIFORM TITLE |
| Uniform title |
Vienna Convention for the Protection of the Ozone Layer (1985 March 22) |
| Source of heading or term |
fast |
| Authority record control number or standard number |
(OCoLC)fst01773949 |
| 9 (RLIN) |
6773 |
| 650 #0 - SUBJECT ADDED ENTRY--TOPICAL TERM |
| Topical term or geographic name entry element |
Climatic changes |
| General subdivision |
Government policy. |
| 9 (RLIN) |
6774 |
| 650 #0 - SUBJECT ADDED ENTRY--TOPICAL TERM |
| Topical term or geographic name entry element |
Climatic changes |
| General subdivision |
Law and legislation. |
| 9 (RLIN) |
6775 |
| 650 #7 - SUBJECT ADDED ENTRY--TOPICAL TERM |
| Topical term or geographic name entry element |
Climatic changes |
| General subdivision |
Government policy. |
| Source of heading or term |
fast |
| Authority record control number or standard number |
(OCoLC)fst00864245 |
| 9 (RLIN) |
6774 |
| 650 #7 - SUBJECT ADDED ENTRY--TOPICAL TERM |
| Topical term or geographic name entry element |
Verhandlung |
| Source of heading or term |
gnd |
| 9 (RLIN) |
382 |
| 650 #7 - SUBJECT ADDED ENTRY--TOPICAL TERM |
| Topical term or geographic name entry element |
Klimaänderung |
| Source of heading or term |
gnd |
| 9 (RLIN) |
383 |
| 650 #7 - SUBJECT ADDED ENTRY--TOPICAL TERM |
| Topical term or geographic name entry element |
Klimaschutz |
| Source of heading or term |
gnd |
| 9 (RLIN) |
384 |
| 906 ## - LOCAL DATA ELEMENT F, LDF (RLIN) |
| a |
7 |
| b |
cbc |
| c |
pccadap |
| d |
2 |
| e |
ncip |
| f |
20 |
| g |
y-gencatlg |
| 942 ## - ADDED ENTRY ELEMENTS (KOHA) |
| Source of classification or shelving scheme |
Dewey Decimal Classification |
| Koha item type |
Books |
| Edition |
23 |
| Classification part |
363.70526 K294N |